00687 2200241 4500001002100000005001500021035002000036007000300056008004100059020002200100082001100122084001700133100002600150245010300176250001000279260003900289300002100328650003000349700001300379504003100392990001100423990001100434INLIS00000000000371820190715093836 a0010-0719000136ta190715 g 0 ind  a978-602-313-031-3 a610.03 a610.03 TAU k0 aTAUFIQURROCHMAN. H. R1 aKamus Kedokteran Nuria :bIndonesia- Arab Arab- Indonesia /cH.R. Taufiqurrochman; editor, Rose KR acet.2 aYogyakarta :bAr-Ruzz Media,c2016 a478 hlm ;c23 cm 4aKEDOKTERAN. KAMUS ISTILAH0 aROSE, KR aBibliografi.: hlm. 477-478 a6880 a a6880 b